Fútbol
Saved in:
| Format: | Bog |
|---|---|
| Sprog: | spansk |
| Udgivet: |
Barcelona
Aura
1970
|
| Serier: | Conozca el juego, 1
|
| Fag: | |
| Tags: |
Tilføj Tag
Ingen Tags, Vær først til at tagge denne postø!
|
MARC
| LEADER | 00000nam a2200000 a 4500 | ||
|---|---|---|---|
| 001 | UCY9415 | ||
| 003 | CL-VaPUC | ||
| 008 | 950717e19700000SP |||||||||||||||||spa|d | ||
| 082 | 0 | 4 | |a 796.334 |b FUT |2 21 |
| 245 | 1 | 0 | |a Fútbol |
| 300 | |a 45 p | ||
| 942 | |c BK | ||
| 945 | |d 19950717 00:00:00 |a mfernand | ||
| 260 | |a Barcelona |b Aura |c 1970 | ||
| 650 | 0 | |a Fútbol |9 307513 | |
| 650 | 7 | |a JUEGOS DE PELOTA |2 CL-VaPUC |9 340284 | |
| 583 | |a last modification |c 19950717 00:00:00 |k Rodrigo Vera | ||
| 490 | 0 | |a Conozca el juego, 1 | |
| 999 | |c 236511 |d 236509 | ||
| 952 | |0 0 |1 0 |4 0 |6 796_334000000000000_FUT_1970 |7 0 |8 P |9 244641 |a BIBEDU |b BIBEDU |c BIBEDU_PB |d 2019-11-18 |i 1536338 |o 796.334 FUT 1970 |p 1536338 |r 2024-01-25 |w 2019-11-18 |y BK |k EDU | ||